<?xml version="1.0" encoding="UTF-8"?>
<record
    xmlns:xsi="http://www.w3.org/2001/XMLSchema-instance"
    xsi:schemaLocation="http://www.loc.gov/MARC21/slim http://www.loc.gov/standards/marcxml/schema/MARC21slim.xsd"
    xmlns="http://www.loc.gov/MARC21/slim">

  <leader>03326nam a2200337 a 4500</leader>
  <controlfield tag="001">000046027</controlfield>
  <controlfield tag="003">DO-SdBNP</controlfield>
  <controlfield tag="005">20250130122532.0</controlfield>
  <controlfield tag="007">ta</controlfield>
  <controlfield tag="008">150611s2011    pr            000 0 spa d</controlfield>
  <datafield tag="020" ind1=" " ind2=" ">
    <subfield code="a">9789993469148</subfield>
  </datafield>
  <datafield tag="040" ind1=" " ind2=" ">
    <subfield code="a">DO-SdBNP</subfield>
    <subfield code="b">spa</subfield>
    <subfield code="c">BNPHU</subfield>
    <subfield code="e">rda</subfield>
  </datafield>
  <datafield tag="041" ind1=" " ind2=" ">
    <subfield code="h">spa</subfield>
  </datafield>
  <datafield tag="082" ind1=" " ind2=" ">
    <subfield code="a">xxxx</subfield>
    <subfield code="b">F727p</subfield>
    <subfield code="2">22</subfield>
  </datafield>
  <datafield tag="100" ind1="1" ind2=" ">
    <subfield code="a">Forner&#xED;n, Miguel &#xC1;ngel,</subfield>
    <subfield code="d">1960-</subfield>
    <subfield code="e">autor</subfield>
    <subfield code="9">22504</subfield>
  </datafield>
  <datafield tag="245" ind1="1" ind2="4">
    <subfield code="a">Las palabras sublevadas /</subfield>
    <subfield code="c">Miguel &#xC1;ngel Forner&#xED;n.</subfield>
  </datafield>
  <datafield tag="264" ind1=" " ind2=" ">
    <subfield code="a">Puerto Rico :</subfield>
    <subfield code="b">[Miguel &#xC1;ngel Forner&#xED;n],</subfield>
    <subfield code="c">2011.</subfield>
  </datafield>
  <datafield tag="300" ind1=" " ind2=" ">
    <subfield code="a">178 p&#xE1;ginas ;</subfield>
    <subfield code="c">23 cm</subfield>
  </datafield>
  <datafield tag="336" ind1=" " ind2=" ">
    <subfield code="a">rdacontent</subfield>
    <subfield code="b">texto</subfield>
    <subfield code="2">txt</subfield>
  </datafield>
  <datafield tag="337" ind1=" " ind2=" ">
    <subfield code="a">rdamedia</subfield>
    <subfield code="b">sin mediaci&#xF3;n</subfield>
    <subfield code="2">n</subfield>
  </datafield>
  <datafield tag="338" ind1=" " ind2=" ">
    <subfield code="a">rdacarrier</subfield>
    <subfield code="b">volumen</subfield>
    <subfield code="2">nc</subfield>
  </datafield>
  <datafield tag="500" ind1=" " ind2=" ">
    <subfield code="a">Incluye referencias bibliogr&#xE1;ficas y notas al pie de las p&#xE1;ginas.</subfield>
  </datafield>
  <datafield tag="500" ind1=" " ind2=" ">
    <subfield code="a">Incluye datos biogr&#xE1;ficos del autor en la solapa de la cubierta.</subfield>
  </datafield>
  <datafield tag="500" ind1=" " ind2=" ">
    <subfield code="a">Esta obra se publica gracias al aporte del Fondo Institucional para el Desarrollo de la Investigaci&#xF3;n (FIDI) de la Universidad de Puerto Rico en Cayey</subfield>
  </datafield>
  <datafield tag="505" ind1="0" ind2=" ">
    <subfield code="a">Las sublevaciones de Miguel &#xC1;ngel Forner&#xED;n, Eugenio Garc&#xED;a Cuevas --</subfield>
    <subfield code="t">El fin de la epicidad : autor y lector cr&#xED;tico de un poema decadentista --</subfield>
    <subfield code="t">El caribe: puertas y ventanas a un vecindario sincr&#xE9;tico --</subfield>
    <subfield code="t">Caribe&#xF1;os, la mirada dominicana de Edgardo Rodr&#xED;guez Juli&#xE1; --</subfield>
    <subfield code="t">El Caribe contado por el cronista Edgardo Rodr&#xED;guez Juli&#xE1; --</subfield>
    <subfield code="t">Comentarios y precisiones sobre el libro La evoluci&#xF3;n de la negritud literaria en Rep&#xFA;blica Dominicana de Dawn F. Stinchcomb --</subfield>
    <subfield code="t">Hait&#xED; : miseria, negritud y masacre en Mi compadre el general Sol de Jacques Est&#xE9;phen Alexis --</subfield>
    <subfield code="r">Pensar al Caribe, para una discusi&#xF3;n de lo caribe&#xF3;o --</subfield>
    <subfield code="t">Los escenarios del t&#xED;guere (t&#xED;tere) --</subfield>
    <subfield code="r">El efecto Enriquillo en la identidad del dominicano --</subfield>
    <subfield code="t">Miguel Enr&#xED;quez : historias de un corsario que funda la mulatez en el Caribe --</subfield>
    <subfield code="r">La negritud de Luis Pal&#xE9;s Matos --</subfield>
    <subfield code="t">Algunas consideraciones sobre La novela dominicana 1980-2009 de Avelino Stanley --</subfield>
    <subfield code="t">El lenguaje en la novela dominicana a veinte amos de S&#xF3;lo cenizas hallar&#xE1;s (bolero) --</subfield>
    <subfield code="t">El nacimiento del narrador Frank N&#xFA;&#xF1;ez en Adi&#xF3;s a la bohemia --</subfield>
    <subfield code="t">La literatura en tr&#xE1;nsito, la anticipaci&#xF3;n --</subfield>
    <subfield code="t">En abril infancias mil de Maryse Renaud --</subfield>
    <subfield code="t">Familia, etnicidad y heterotop&#xED;a en El cuaderno granate de Maryse Renaud --</subfield>
    <subfield code="t">Amoricidio de Rey Emmanuel And&#xFA;jar --</subfield>
    <subfield code="t">Sujetos y predicados (El hijo de la mujer y diez cuentos m&#xE1;s) de Eugenio Garc&#xED;a Cuevas --</subfield>
    <subfield code="t">La persistencia del neorrealismo y la ciudad en C&#xF3;ctel con frenes&#xED; de Emilia Pereyra --</subfield>
    <subfield code="t">N&#xE9;stor Caro : el realismo social y la representaci&#xF3;n del campesino --</subfield>
    <subfield code="t">La narrativa breve de Tom&#xE1;s L&#xF3;pez Ram&#xED;rez en Cordial magia enemiga --</subfield>
    <subfield code="t">Historia y mentalidad en En busca del pueblo dominicano de Juan Jos&#xE9; Ayuso --</subfield>
    <subfield code="t">Los desnudos de Juan Isidro Jimenes Grull&#xF3;n --</subfield>
    <subfield code="t">Rub&#xE9;n Dar&#xED;o y la sacerdotista de Am&#xF3;n de Germ&#xE1;n Espinoza --</subfield>
    <subfield code="t">En el ferryboat un d&#xED;a cualquiera, alguien escribir&#xE1; la historia de Alexis G&#xF3;mez --</subfield>
    <subfield code="t">&#xC1;njelamar&#xED;a D&#xE1;vila : una mujer dishilachada --</subfield>
  </datafield>
  <datafield tag="505" ind1="0" ind2=" ">
    <subfield code="a">El j&#xED;baro de Nelson Miranda, un comentario liminar --</subfield>
    <subfield code="t">La ense&#xF1;anza de los cl&#xE1;sicos, &#xBF;es posible en la escuela de hoy?</subfield>
  </datafield>
  <datafield tag="586" ind1=" " ind2=" ">
    <subfield code="a">Premio de ensayo " Pedro Her&#xED;quez Ure&#xF1;a" en su obra in&#xE9;dita: La escritura de Pedro Mir en 1995.</subfield>
  </datafield>
  <datafield tag="590" ind1=" " ind2=" ">
    <subfield code="a">Inventariado, 2025/DG</subfield>
  </datafield>
  <datafield tag="910" ind1=" " ind2=" ">
    <subfield code="a">DG</subfield>
  </datafield>
  <datafield tag="942" ind1=" " ind2=" ">
    <subfield code="2">ddc</subfield>
    <subfield code="c">LBS1</subfield>
  </datafield>
  <datafield tag="952" ind1=" " ind2=" ">
    <subfield code="0">0</subfield>
    <subfield code="1">0</subfield>
    <subfield code="5">0</subfield>
    <subfield code="7">1</subfield>
    <subfield code="8">MO</subfield>
    <subfield code="a">GR</subfield>
    <subfield code="b">GR</subfield>
    <subfield code="c">CT</subfield>
    <subfield code="d">2015-06-11</subfield>
    <subfield code="i">LF1</subfield>
    <subfield code="l">0</subfield>
    <subfield code="o">xxxx xxx</subfield>
    <subfield code="p">46027-10</subfield>
    <subfield code="r">2020-06-25</subfield>
    <subfield code="w">2020-06-25</subfield>
    <subfield code="y">1</subfield>
    <subfield code="Z">No se presta</subfield>
  </datafield>
  <datafield tag="952" ind1=" " ind2=" ">
    <subfield code="0">0</subfield>
    <subfield code="1">0</subfield>
    <subfield code="5">0</subfield>
    <subfield code="7">1</subfield>
    <subfield code="8">MO</subfield>
    <subfield code="a">GR</subfield>
    <subfield code="b">GR</subfield>
    <subfield code="c">CT</subfield>
    <subfield code="d">2015-06-11</subfield>
    <subfield code="i">LF1</subfield>
    <subfield code="l">0</subfield>
    <subfield code="o">xxxx xxx</subfield>
    <subfield code="p">46027-20</subfield>
    <subfield code="r">2020-06-25</subfield>
    <subfield code="t">e. 2</subfield>
    <subfield code="w">2020-06-25</subfield>
    <subfield code="y">1</subfield>
    <subfield code="Z">No se presta</subfield>
  </datafield>
  <datafield tag="952" ind1=" " ind2=" ">
    <subfield code="0">0</subfield>
    <subfield code="1">1</subfield>
    <subfield code="5">0</subfield>
    <subfield code="7">1</subfield>
    <subfield code="8">MO</subfield>
    <subfield code="a">GR</subfield>
    <subfield code="b">GR</subfield>
    <subfield code="c">MI</subfield>
    <subfield code="d">2015-06-11</subfield>
    <subfield code="i">LF1</subfield>
    <subfield code="l">0</subfield>
    <subfield code="o">xxxx xxx</subfield>
    <subfield code="p">46027-30</subfield>
    <subfield code="r">2020-06-25</subfield>
    <subfield code="t">e. 3</subfield>
    <subfield code="w">2020-06-25</subfield>
    <subfield code="y">1</subfield>
    <subfield code="Z">No se presta</subfield>
  </datafield>
  <datafield tag="952" ind1=" " ind2=" ">
    <subfield code="0">0</subfield>
    <subfield code="1">0</subfield>
    <subfield code="2">ddc</subfield>
    <subfield code="5">6</subfield>
    <subfield code="7">0</subfield>
    <subfield code="8">GR</subfield>
    <subfield code="a">BNPHU</subfield>
    <subfield code="b">BNPHU</subfield>
    <subfield code="c">CT</subfield>
    <subfield code="d">2025-01-30</subfield>
    <subfield code="e">Donado por la Presidencia de la Rep&#xFA;blica Dominicana 2023</subfield>
    <subfield code="l">0</subfield>
    <subfield code="o">BNPHU GR F727p</subfield>
    <subfield code="p">2025-0626</subfield>
    <subfield code="r">2025-01-30</subfield>
    <subfield code="t">e.4</subfield>
    <subfield code="w">2025-01-30</subfield>
    <subfield code="y">LBS1</subfield>
    <subfield code="z">Pertenecio a la biblioteca personal de Ren&#xE9; Rodr&#xED;guez Soriano</subfield>
  </datafield>
  <datafield tag="999" ind1=" " ind2=" ">
    <subfield code="c">45516</subfield>
    <subfield code="d">45516</subfield>
  </datafield>
</record>
